Normal view
MARC view
Entry Personal Name
001 - CONTROL NUMBER
- control field: 66544
003 - CONTROL NUMBER IDENTIFIER
- control field: dpl
005 - DATE AND TIME OF LATEST TRANSACTION
- control field: 20240521111153.0
008 - FIXED-LENGTH DATA ELEMENTS
- fixed length control field: 240521|| aca||aabn | a|a d
040 ## - CATALOGING SOURCE
- Original cataloging agency: dpl
- Transcribing agency: dpl
100 ## - HEADING--PERSONAL NAME
- Personal name: Chaudhari, Vijay
670 ## - SOURCE DATA FOUND
- Source citation: Work cat.: (dpl)203055: Chaudhari, Vijay, Language Pearls/, 2018
